000 00294nam a2200121Ia 4500
008 221030s9999 xx 000 0 und d
041 _aEnglish
100 _aS. Sadri
245 2 _aA Case Study Approach to Human Resources Management
_cby S. Sadri
260 _c0
650 _aMb
942 _cBK
999 _c14223
_d14223